banner-ar

حياة سعد بن معاذ / (Record no. 59219)

MARC details
000 -الفاتح
حقل البيانات ثابتة الطول 00580nam a2200205Ia 4500
005 - وقت وتاريخ اخر تعامل مع التسجيلة
رقم الضبط 20240530110158.0
008 - عناصر البيانات ثابتة الطول - معلومات عامة
حقل البيانات ثابتة الطول 140319s1988 xx 000 0 ara d
040 ## - مصدر الفهرسة
وكالة الفهرسة الأصلية GCL /
وكالة النسخ GCL
082 04 - رقم تصنيف ديوى العشرى
رقم التصنيف 922.1 /
رقم المادة م ح
100 ## - المدخل الرئيسى - إسم شخصى
الإسم الشخصى محمود شلبى
245 10 - بيان العنوان
العنوان حياة سعد بن معاذ /
250 ## - بيان الطبعة
بيان الطبعة الاولى
260 ## - PUBLICATION, DISTRIBUTION, ETC. (IMPRINT)
تاريخ النشر أو التوزيع 1988
300 ## - الوصف المادى
التعداد 247 ص؛
أبعاد الوعاء 24 سم
650 70 - المدخل الاضافى بالموضوع-مصطلح موضوعى
مصدر الرأس أو المصطلح الصحابة
650 70 - المدخل الاضافى بالموضوع-مصطلح موضوعى
مصدر الرأس أو المصطلح سعد بن معاذ
650 70 - المدخل الاضافى بالموضوع-مصطلح موضوعى
مصدر الرأس أو المصطلح التراجم
942 ## - عناصر المدخل الإضافي( كوها)
مصدر التصنيف او مخطط الترفيف Dewey Decimal Classification
Koha [default] item type كتاب
260 ## - PUBLICATION, DISTRIBUTION, ETC. (IMPRINT)
-- بيروت :
-- دار الجيل،
Holdings
حالة التراجع حالة الفقد حالة تلف ليس للاعارة المكان المؤقت الموقع الحالى تاريخ الاكتساب اجمالي اﻻعارات رقم الطلب الباركود تاريخ اخر مشاهدة تاريخ تفعيل السعر نوع وعاء كوها
        مكتبة القاهرة الكبرى مكتبة القاهرة الكبرى 03/26/2014   م\922.1\م ح 153600 03/26/2014 03/26/2014 المراجع
        مكتبة القاهرة الكبرى مكتبة القاهرة الكبرى 03/26/2014   م\922.1\م ح 153601 03/26/2014 03/26/2014 المراجع

Powered By

EGPV